[Event "Mexican op 70th"]
[Site "Mexico City"]
[Date "2025.04.17"]
[Round "6"]
[White "Ticona Rocabado, Licael Roderick"]
[Black "Tovar Ochoa, Cristopher Ian"]
[Result "1-0"]
[WhiteElo "2353"]
[BlackElo "2088"]
[PlyCount "89"]
[EventDate "2025.04.14"]
[EventType "swiss"]
[EventRounds "9"]
[EventCountry "MEX"]
[SourceTitle "CB17_2025"]
[SourceDate "2025.04.23"]
[SourceVersion "1"]
[SourceVersionDate "2025.04.23"]
[SourceQuality "1"]

1. d4 e6 2. c4 f5 3. Nf3 Nf6 4. g3 b6 5. Bg2 Bb7 6. 0-0 Be7 7. Nc3 Bb4 8. d5 0-0 9. Qb3 Bxc3 10. bxc3 Ne4 11. Nd4 Na6 12. Qc2 exd5 13. cxd5 Bxd5 14. Nxf5 Rxf5 15. Bxe4 Bxe4 16. Qxe4 Rf7 17. Ba3 c5 18. Rad1 Nc7 19. c4 Re7 20. Qd3 d6 21. e4 Qc8 22. Rfe1 Qa6 23. Qxd6 Rae8 24. Qd3 Ne6 25. Qb3 Rf7 26. Bb2 Ng5 27. Kg2 Qc8 28. f4 Nxe4 29. Qf3 Rfe7 30. Be5 Ng5 31. Qd5+ Nf7 32. Bc3 Rxe1 33. Rxe1 Rxe1 34. Bxe1 Qe8 35. Kf2 Qd8 36. Qe4 Nd6 37. Qe6+ Kf8 38. Bc3 Qe7 39. Bxg7+ Qxg7 40. Qxd6+ Qe7 41. Qxe7+ Kxe7 42. Ke3 Ke6 43. Ke4 a6 44. a4 h5 45. h3 1-0